My Chemical Romance Give 'Em Hell, Kid Lyric - Statistics

General Stats
  • This quiz has been taken 316 times
  • The average score is 194 of 247
Answer Stats
Answer % Correct
I
99%
a
98%
you
97%
we
96%
We
96%
So
95%
so
95%
the
95%
do
94%
Do
94%
me
94%
your
94%
Your
94%
never
92%
on
92%
to
92%
have
91%
here
91%
If
91%
fear
90%
life
90%
more
90%
This
90%
this
90%
were
90%
how
89%
I'd
89%
miss
89%
than
89%
in
88%
In
88%
live
88%
And
87%
and
87%
go
87%
it
87%
is
86%
be
85%
Can
85%
can
85%
did
85%
scene
85%
come
84%
like
84%
Like
84%
murder
84%
of
84%
or
84%
yesterday
84%
train
82%
New
81%
Orleans
80%
ever
79%
say
79%
But
78%
Oh
76%
they
76%
Took
76%
settle
75%
words
75%
full
74%
shot
74%
up
74%
Well
74%
You're
74%
don't
73%
score
73%
away
72%
down
71%
far
71%
sound
71%
baby
69%
I'm
69%
comes
68%
show
68%
pretty
67%
Cause
66%
made
66%
walking
66%
look
65%
dress
64%
street
64%
best
63%
outta
63%
damn
62%
own
62%
ephedrine
59%
mess
59%
way
59%
beautiful
58%
mean
58%
care
51%
are
50%
firing
50%
squad
50%
all
48%
for
48%
total
48%
wreck
48%
every
47%
almost
46%
day
45%
no
45%
wanted
45%
sharpest
44%
from
43%
at
41%
things
41%
that
40%
young
40%
hopeless
39%
our
39%
dreams
38%
lives
38%
hair
35%
Yeah
33%
c'mon
31%
guy
28%
kissing
28%
there's
28%
call
26%
Some
25%
might
24%
What'd
15%
No matching quizzes found
Score Distribution
Percent of People with Each Score
Percentile by Number Answered
Your Score History
You have not taken this quiz